000
00329nam a2200133Ia 4500
008
191201s2009 xx 000 0 und d
082
_a
338.5
_b
MIP
100
_a
MISHRA, S.K
245
0
_a
Principles of Microeconomics
260
_a
N. Delhi
_b
Himalaya Publication House
_c
2009
300
_a
409
650
_a
BBA
942
_2
ddc
_c
BK
999
_c
4897
_d
4897